|
|
|
|
| LEADER |
00000cac a2200000 i 4500 |
| 003 |
Ucuenca |
| 005 |
20231110062704.0 |
| 006 |
a||||gr|||| 001 e |
| 007 |
ta |
| 008 |
004012s1998 ec gr|||| 001|e spa a |
| 040 |
|
|
|b spa
|
| 041 |
1 |
|
|a spa
|
| 082 |
0 |
|
|a E804
|2 22
|c A1218
|
| 100 |
1 |
|
|a Valdano Morejón, Juan.
|d 1939-2021
|9 30680
|e autor
|
| 245 |
1 |
0 |
|a Selección ensayística /
|c Juan Valdano Morejón.
|
| 250 |
|
|
|a Primera edición.
|
| 264 |
|
1 |
|a Cuenca:
|b Casa de la Cultura Ecuatoriana, Núcleo del Azuay,
|c 1998.
|
| 300 |
|
|
|a 71 páginas:
|c 21 cm
|
| 336 |
|
|
|2 rdacontent
|a tetxo
|b txt
|
| 337 |
|
|
|2 rdamedia
|a no mediado
|b n
|
| 338 |
|
|
|2 rdacarrier
|a volumen
|b nc
|
| 490 |
0 |
|
|a Cuadernos de Literatura,
|v 3
|
| 520 |
3 |
|
|a "La mayor parte de la obra ensayistica de Valdano Morejón se inscribe en la vertiente de la historia de la cultura y la literatura que, nutrida del método generacional- donde sobresalen los aportes de Pedro Henríquez Ureña, Juan José Arrom y Enrique Anderson Imbert-, se ha propuesto explicar la constitución de expresiones propias en la literatura americana y ecuatoriana."
|
| 650 |
1 |
7 |
|a Ensayo ecuatoriano
|9 911
|
| 650 |
1 |
0 |
|a Literatura ecuatoriana
|9 307
|
| 852 |
|
|
|a UC-YANUNCAY
|
| 942 |
|
|
|c CR
|2 ddc
|r bladimir.cabrerar@ucuenca.edu.ec
|
| 999 |
|
|
|c 61534
|d 61534
|